000
00213nam a22000857a 4500
008
160624b xxu||||| |||| 00| 0 eng d
100
_9
1093
_a
Frazier, A
245
_a
The Secret Baby
260
_a
N.Y
_b
Silhouette Books
_c
1995
999
_c
879
_d
879